[Event "Gjøvik GM Swiss"]
[Site "Gjøvik, Norway"]
[Date "2008.12.30"]
[Round "2"]
[White "Haugstad, Espen"]
[Black "Bjerke, Richard"]
[Result "1/2-1/2"]
[WhiteElo "2091"]
[BlackElo "2179"]
[PlyCount "155"]
[EventDate "2008.12.29"]
[SourceDate "2008.12.29"]

1. e4 c5 2. Nf3 g6 3. d4 cxd4 4. Nxd4 Bg7 5. Nc3 Nc6 6. Be3 Nf6 7. Bc4 d6 8. f3
O-O 9. Qd2 Bd7 10. O-O-O Qa5 11. h4 Rfc8 12. Bb3 Ne5 13. h5 Nc4 14. Bxc4 Rxc4
15. hxg6 fxg6 16. Kb1 Rac8 17. Nd5 Qxd2 18. Nxf6+ Bxf6 19. Rxd2 a5 20. Ne2 h5
21. Nf4 Bg5 22. Nd5 Bxe3 23. Nxe3 R4c5 24. Nd5 Kf7 25. g4 Rg8 26. gxh5 gxh5 27.
b3 Rh8 28. Rdh2 e6 29. Nf4 Rc3 30. Nd3 a4 31. Kb2 Rhc8 32. Ne1 axb3 33. axb3
R3c5 34. Rxh5 Rxh5 35. Rxh5 Kg6 36. Rh2 Bc6 37. Nd3 Rf8 38. Rh3 Kg5 39. Kc3 Ra8
40. Kd4 e5+ 41. Ke3 Ra1 42. Rh8 Kf6 43. Rh6+ Ke7 44. Rh2 Rg1 45. Nb2 d5 46.
exd5 Bxd5 47. Nd3 Rg5 48. c4 Bc6 49. Nb4 Be8 50. Rh7+ Bf7 51. Nd5+ Ke6 52. Nc3
Rh5 53. Rg7 Kf6 54. Rg2 Rh1 55. Ne4+ Ke7 56. Rg5 Rh5 57. Rg7 Kf8 58. Rg1 Rh2
59. Ra1 Rb2 60. Nd2 b5 61. Ra5 bxc4 62. bxc4 Rc2 63. Kd3 Bg6+ 64. Ne4 Rf2 65.
Ke3 Rc2 66. c5 Ke7 67. Ra7+ Kd8 68. Ng5 Kc8 69. Rg7 Rc3+ 70. Kd2 Rc2+ 71. Ke3
Rc3+ 72. Kd2 Rc2+ 73. Kd1 Bd3 74. Ne6 Rc4 75. Rc7+ Kb8 76. c6 Bf5 77. Rb7+ Kc8
78. Rc7+ 1/2-1/2

[Event "Gjøvik GM Swiss"]
[Site "Gjøvik, Norway"]
[Date "2008.12.30"]
[Round "2"]
[White "Strand, Kjetil"]
[Black "Toma, Katarzyna"]
[Result "1/2-1/2"]
[WhiteElo "2057"]
[BlackElo "2230"]
[PlyCount "130"]
[EventDate "2008.12.29"]
[SourceDate "2008.12.29"]

1. e4 c5 2. Nf3 Nc6 3. d4 cxd4 4. Nxd4 Nf6 5. Nc3 e5 6. Ndb5 d6 7. Bg5 a6 8.
Na3 b5 9. Bxf6 gxf6 10. Nd5 Bg7 11. c3 f5 12. Bd3 Be6 13. Nxb5 Bxd5 14. exd5
Ne7 15. Na3 e4 16. Qa4+ Kf8 17. Bc4 Qb6 18. Bb3 Rg8 19. Nc2 Bh6 20. O-O Ng6 21.
Nd4 Nh4 22. Kh1 Re8 23. g3 Nf3 24. Nxf3 exf3 25. Bd1 Re2 26. Qc4 Rxf2 27. Bxf3
f4 28. Rxf2 Qxf2 29. Rf1 Qxb2 30. g4 Bg5 31. Qxa6 Qxc3 32. Qxd6+ Kg7 33. Qc6
Qd3 34. Qc1 Ra8 35. Qd1 Qxd1 36. Rxd1 Rxa2 37. d6 Rb2 38. d7 Rb8 39. Be4 h6 40.
Kg2 Rb2+ 41. Kg1 Rb8 42. Bf5 Kf8 43. Rc1 Rd8 44. Kf2 Ke7 45. Rc6 Kf8 46. Kf3
Ke7 47. Ke4 Rh8 48. Rc8 Rd8 49. Rc2 Rh8 50. h3 Rd8 51. Rh2 Ra8 52. h4 Ra4+ 53.
Kd5 Bf6 54. Re2+ Kf8 55. Re8+ Kg7 56. Kc5 Ra5+ 57. Kc6 Bxh4 58. d8=Q Bxd8 59.
Rxd8 Kf6 60. Bd3 Kg5 61. Be2 Re5 62. Rd5 Rxd5 63. Kxd5 f5 64. gxf5 Kxf5 65. Bf3
Kg5 1/2-1/2

[Event "Gjøvik GM Swiss"]
[Site "Gjøvik, Norway"]
[Date "2008.12.30"]
[Round "2"]
[White "Hobber, Anders"]
[Black "Lohou, Stephane"]
[Result "1/2-1/2"]
[WhiteElo "1987"]
[BlackElo "2132"]
[PlyCount "121"]
[EventDate "2008.12.29"]
[SourceDate "2008.12.29"]

1. d4 Nf6 2. Nf3 g6 3. Bg5 Bg7 4. Nbd2 d5 5. e3 c5 6. c3 O-O 7. Bd3 Nc6 8. O-O
b6 9. Rb1 h6 10. Bh4 a5 11. Qe2 Bb7 12. h3 Qc8 13. a3 Qe6 14. Bg3 Ne4 15. Bc7
Rfc8 16. Bxb6 Nxd2 17. Qxd2 Nxd4 18. cxd4 Qxb6 19. b4 axb4 20. dxc5 Rxc5 21.
Qxb4 Qxb4 22. Rxb4 Bc6 23. Nd4 Bxd4 24. Rxd4 Rxa3 25. Bb1 Ra1 26. Rdd1 Ba4 27.
Rc1 Rxc1 28. Rxc1 Bb3 29. Kh2 Kg7 30. Rg1 e5 31. Bd3 Rxg1 32. Kxg1 Kf6 33. f3
Ke6 34. Kf2 Kd6 35. g3 Kc5 36. Ke1 d4 37. Kd2 g5 38. f4 f6 39. Bg6 Bc4 40. fxe5
fxe5 41. h4 Bf1 42. hxg5 hxg5 43. Bf7 Kd6 44. Bg8 Ke7 45. Bh7 Kf6 46. Be4 Bc4
47. Bb1 Be6 48. Bc2 Bf5 49. Bd1 Kg6 50. Be2 Bb1 51. Bg4 Bf5 52. Be2 Kf6 53. Bd1
Ke6 54. Bb3+ Kd6 55. Bf7 Kc5 56. Bg8 Kb4 57. Bd5 Bd7 58. Bf7 Bb5 59. Be6 Bc4
60. Bf5 Bd5 61. Bg4 1/2-1/2

[Event "Gjøvik GM Swiss"]
[Site "Gjøvik, Norway"]
[Date "2008.12.31"]
[Round "3"]
[White "Kveinys, Aloyzas"]
[Black "Malakhatko, Vadim"]
[Result "1/2-1/2"]
[WhiteElo "2533"]
[BlackElo "2633"]
[PlyCount "24"]
[EventDate "2008.12.29"]
[SourceDate "2008.12.29"]

1. d4 d5 2. Nf3 Nf6 3. c4 c6 4. e3 Bf5 5. Nc3 e6 6. Nh4 Bg6 7. Be2 Nbd7 8. g3
Be7 9. Bd2 dxc4 10. Nxg6 hxg6 11. Bxc4 Qc7 12. Rc1 Rd8 1/2-1/2

[Event "Gjøvik GM Swiss"]
[Site "Gjøvik, Norway"]
[Date "2008.12.31"]
[Round "3"]
[White "Devereaux, Maxim"]
[Black "Mchedlishvili, Mikheil"]
[Result "1/2-1/2"]
[WhiteElo "2415"]
[BlackElo "2615"]
[PlyCount "32"]
[EventDate "2008.12.29"]
[SourceDate "2008.12.29"]

1. d4 Nf6 2. c4 e6 3. Nc3 Bb4 4. Qc2 O-O 5. a3 Bxc3+ 6. Qxc3 d6 7. Bg5 Nbd7 8.
e3 b6 9. Ne2 Bb7 10. Qc2 c5 11. Rd1 Qe7 12. dxc5 dxc5 13. Nc3 Rfd8 14. f3 Ne5
15. Rxd8+ Rxd8 16. Be2 Ng6 1/2-1/2

[Event "Gjøvik GM Swiss"]
[Site "Gjøvik, Norway"]
[Date "2008.12.31"]
[Round "3"]
[White "Gullaksen, Eirik T."]
[Black "Kulaots, Kaido"]
[Result "0-1"]
[WhiteElo "2400"]
[BlackElo "2556"]
[PlyCount "94"]
[EventDate "2008.12.29"]
[SourceDate "2008.12.29"]

1. e4 c5 2. Nf3 d6 3. d4 cxd4 4. Nxd4 Nf6 5. Nc3 e6 6. Bc4 Be7 7. a3 O-O 8. Ba2
Nc6 9. O-O Bd7 10. Kh1 Nxd4 11. Qxd4 b5 12. f4 a5 13. e5 dxe5 14. fxe5 Ne8 15.
Bf4 Bc6 16. Qf2 Qd7 17. Rad1 Qb7 18. Ne2 Nc7 19. Qg3 Rfd8 20. Bg5 Bxg2+ 21.
Qxg2 Qxg2+ 22. Kxg2 Bxg5 23. Nd4 Rac8 24. c3 Nd5 25. Bxd5 Rxd5 26. Nf3 Rxd1 27.
Rxd1 Bf4 28. Rd7 g5 29. Rb7 Rc5 30. h3 Kg7 31. Nd4 Rxe5 32. Rxb5 Re3 33. Rxa5
Rg3+ 34. Kf2 Rxh3 35. Ne2 Be3+ 36. Kg2 g4 37. b4 f5 38. Nd4 Bxd4 39. cxd4 Kf6
40. Ra6 Rd3 41. b5 Rxd4 42. b6 Rd2+ 43. Kg1 Rb2 44. a4 Kg5 45. a5 Kf4 46. Ra7
Kf3 47. Rc7 Rb1+ 0-1

[Event "Gjøvik GM Swiss"]
[Site "Gjøvik, Norway"]
[Date "2008.12.31"]
[Round "3"]
[White "Korneev, Oleg"]
[Black "Dolzhikova, Olga"]
[Result "1-0"]
[WhiteElo "2623"]
[BlackElo "2291"]
[PlyCount "34"]
[EventDate "2008.12.29"]
[SourceDate "2008.12.29"]

1. e4 d5 2. exd5 Qxd5 3. d4 Nc6 4. Nf3 Bg4 5. Be2 O-O-O 6. Be3 Bxf3 7. Bxf3 Qb5
8. Nc3 Qxb2 9. Ne2 e6 10. O-O Ne5 11. Be4 c6 12. Rb1 Qa3 13. Rb3 Qa6 14. Nf4
Nf6 15. Nd3 Nc4 16. Bf3 Nd5 17. Bg5 Rd7 1-0

[Event "Gjøvik GM Swiss"]
[Site "Gjøvik, Norway"]
[Date "2008.12.31"]
[Round "3"]
[White "Gopal, Geetha Narayanan"]
[Black "Hammer, Jon Ludvig"]
[Result "1/2-1/2"]
[WhiteElo "2548"]
[BlackElo "2522"]
[PlyCount "71"]
[EventDate "2008.12.29"]
[SourceDate "2008.12.29"]

1. e4 e5 2. Nf3 Nc6 3. Bb5 Nf6 4. d3 Bc5 5. Bxc6 dxc6 6. Be3 Bxe3 7. fxe3 Qe7
8. Nc3 O-O 9. h3 Ne8 10. O-O Nd6 11. Qe1 f6 12. Nh4 Be6 13. Nf5 Qd7 14. g4 g6
15. Qg3 gxf5 16. gxf5+ Kh8 17. fxe6 Qxe6 18. Kh2 Rg8 19. Qh4 Rg5 20. Rg1 Rag8
21. Rxg5 Rxg5 22. Rg1 Rxg1 23. Kxg1 Qg8+ 24. Kf2 Qg5 25. Qxg5 fxg5 26. h4 h6
27. hxg5 hxg5 28. Kg3 Kg7 29. Nd1 c5 30. Nf2 Nf7 31. Ng4 Kg6 32. Kg2 Kg7 33.
Kf3 Kg6 34. Kg3 Kg7 35. Kg2 Kg6 36. Kf3 1/2-1/2

[Event "Gjøvik GM Swiss"]
[Site "Gjøvik, Norway"]
[Date "2008.12.31"]
[Round "3"]
[White "Elsness, Frode"]
[Black "Makka, Ioulia"]
[Result "1-0"]
[WhiteElo "2440"]
[BlackElo "2220"]
[PlyCount "65"]
[EventDate "2008.12.29"]
[SourceDate "2008.12.29"]

1. d4 d5 2. c4 c6 3. Nc3 Nf6 4. Nf3 a6 5. c5 Bg4 6. Ne5 Bf5 7. Bf4 Nfd7 8. e4
Nxe5 9. exf5 Ned7 10. Bd3 g6 11. O-O Bg7 12. Bc2 b6 13. cxb6 Qxb6 14. Ne2 O-O
15. h4 Nf6 16. Ng3 Nbd7 17. Re1 Rfe8 18. Re3 Ne4 19. Nxe4 dxe4 20. fxg6 hxg6
21. h5 Bxd4 22. hxg6 fxg6 23. Bxe4 Nf8 24. Rb3 Bxf2+ 25. Kf1 Qa7 26. Bxc6 Bg1
27. Qf3 e5 28. Rb7 Qd4 29. Rd1 Qc4+ 30. Kxg1 Red8 31. Bxe5 Rxd1+ 32. Qxd1 Qxc6
33. Rg7+ 1-0

[Event "Gjøvik GM Swiss"]
[Site "Gjøvik, Norway"]
[Date "2008.12.31"]
[Round "3"]
[White "Tsiolakidis, Anastasios"]
[Black "Svensen, Tarjei J."]
[Result "1-0"]
[WhiteElo "2348"]
[BlackElo "2128"]
[PlyCount "33"]
[EventDate "2008.12.29"]
[SourceDate "2008.12.29"]

1. d4 d5 2. c4 c6 3. Nf3 Nf6 4. Nc3 Nbd7 5. cxd5 cxd5 6. Qb3 e6 7. Bf4 a6 8. e3
Be7 9. Be2 O-O 10. O-O Nh5 11. Be5 f6 12. Bg3 Nxg3 13. hxg3 b5 14. Nxd5 Bb7 15.
Nf4 Qb6 16. Nxe6 Rf7 17. Rfc1 1-0

[Event "Gjøvik GM Swiss"]
[Site "Gjøvik, Norway"]
[Date "2008.12.31"]
[Round "3"]
[White "Tofte, Sondre Waage"]
[Black "Gyldenås, Ole-Jørn"]
[Result "1-0"]
[WhiteElo "2120"]
[BlackElo "2075"]
[PlyCount "74"]
[EventDate "2008.12.29"]
[SourceDate "2008.12.29"]

1. e4 e6 2. d4 d5 3. Nd2 Nf6 4. e5 Nfd7 5. Bd3 c5 6. c3 Nc6 7. Ndf3 cxd4 8.
cxd4 Qb6 9. Ne2 f6 10. exf6 Nxf6 11. O-O Bd6 12. Bf4 Qc7 13. Bxd6 Qxd6 14. Re1
O-O 15. Nc3 Kh8 16. Bc2 Bd7 17. Ne5 Be8 18. a3 Qe7 19. Qd3 g5 20. Nxc6 Bxc6 21.
Qe3 Qg7 22. Qxe6 Rae8 23. Qd6 Ne4 24. Bxe4 dxe4 25. d5 Qd4 26. Qg3 Bd7 27. Rad1
Qb6 28. Nxe4 Qxb2 29. Nxg5 Rd8 30. Re7 Bf5 31. Nf7+ Rxf7 32. Rxf7 Bg6 33. Re7
Qf6 34. Qe5 Qxe5 35. Rxe5 Kg7 36. Re7+ Kf6 37. Rxb7 a5 1-0

[Event "Gjøvik GM Swiss"]
[Site "Gjøvik, Norway"]
[Date "2008.12.31"]
[Round "3"]
[White "Agdestein, Emil Døving"]
[Black "Haug, Marianne Wold"]
[Result "1-0"]
[WhiteElo "2145"]
[BlackElo "1940"]
[PlyCount "72"]
[EventDate "2008.12.29"]
[SourceDate "2008.12.29"]

1. e4 c5 2. a3 g6 3. d4 cxd4 4. c3 Bg7 5. Nf3 d5 6. exd5 Qxd5 7. cxd4 Nf6 8.
Nc3 Qd8 9. Be2 O-O 10. O-O Nbd7 11. Bf4 Nb6 12. Re1 Nfd5 13. Bg3 Bf5 14. Rc1
Rc8 15. h3 Bh6 16. Nd2 Nf4 17. Bf1 Nd3 18. Bxd3 Bxd3 19. Ra1 Re8 20. Nb3 Bf5
21. Nc5 Bg7 22. Nxb7 Qxd4 23. Qf3 Nc4 24. Rad1 Nd2 25. Qe2 Bh6 26. Na5 Bc2 27.
Rc1 Bd3 28. Qd1 Qb6 29. b4 Rcd8 30. Na4 Qd4 31. Nc6 Qf6 32. Nxd8 Rxd8 33. Nc5
Bb5 34. Qg4 e6 35. Rcd1 Qf5 36. Qxf5 exf5 1-0

[Event "Gjøvik GM Swiss"]
[Site "Gjøvik, Norway"]
[Date "2008.12.31"]
[Round "3"]
[White "Stray, Gunnar"]
[Black "Hobber, Anders"]
[Result "1/2-1/2"]
[WhiteElo "2124"]
[BlackElo "1987"]
[PlyCount "105"]
[EventDate "2008.12.29"]
[SourceDate "2008.12.29"]

1. d4 Nf6 2. Nf3 g6 3. Nc3 d5 4. Bf4 c6 5. e3 Bg7 6. Be2 O-O 7. Ne5 Nbd7 8. h3
Qb6 9. Rb1 Ne8 10. Nxd7 Bxd7 11. O-O Nf6 12. Na4 Qd8 13. Nc5 Bc8 14. b4 Nd7 15.
c4 Nb6 16. Qb3 dxc4 17. Bxc4 Nxc4 18. Qxc4 b6 19. Nd3 Bb7 20. Rfc1 Rc8 21. a4
Qd7 22. a5 e6 23. a6 Ba8 24. Ne5 Bxe5 25. dxe5 c5 26. Bh6 Rfe8 27. Qf4 Qe7 28.
Bg5 Qf8 29. b5 Bd5 30. e4 Ba8 31. Rd1 Rc7 32. Bf6 h6 33. h4 c4 34. Rbc1 Kh7 35.
Rd6 c3 36. Qe3 c2 37. f3 Rec8 38. Kh2 Qe8 39. Qd3 Rc3 40. Qd2 R3c5 41. Rd7 Rxb5
42. Rxc2 Rbc5 43. Rxc5 bxc5 44. Re7 Qf8 45. Qd7 Kg8 46. Qxa7 c4 47. Qe3 c3 48.
Qc1 Kh7 49. Qc2 Kg8 50. a7 Kh7 51. Qc1 c2 52. Rd7 Qe8 53. Re7 1/2-1/2

[Event "Gjøvik GM Swiss"]
[Site "Gjøvik, Norway"]
[Date "2008.12.31"]
[Round "3"]
[White "Lohou, Stephane"]
[Black "Flermoen, Peter"]
[Result "1/2-1/2"]
[WhiteElo "2132"]
[BlackElo "1977"]
[PlyCount "62"]
[EventDate "2008.12.29"]
[SourceDate "2008.12.29"]

1. e4 c5 2. Nf3 Nc6 3. d4 cxd4 4. Nxd4 g6 5. Nc3 Bg7 6. Nxc6 bxc6 7. Bc4 d6 8.
O-O Nf6 9. h3 O-O 10. Qe2 Bb7 11. Rd1 Qc7 12. Bf4 Nd7 13. Be3 Nb6 14. Ba6 Rad8
15. Bd4 e5 16. Be3 d5 17. Bxb7 Qxb7 18. Bxb6 axb6 19. exd5 cxd5 20. Nb5 Rfe8
21. a4 d4 22. c3 Bf6 23. Qc2 Re7 24. Rd2 Red7 25. cxd4 exd4 26. Qd3 Rd5 27. Qf3
Kg7 28. Rad1 Qd7 29. Qd3 Qe7 30. Re2 Qd7 31. Re4 Qc6 1/2-1/2

[Event "Gjøvik GM Swiss"]
[Site "Gjøvik, Norway"]
[Date "2008.12.31"]
[Round "3"]
[White "Haarr, Jon Kristian"]
[Black "Nyland, Thomas"]
[Result "1-0"]
[WhiteElo "2057"]
[BlackElo "2140"]
[PlyCount "41"]
[EventDate "2008.12.29"]
[SourceDate "2008.12.29"]

1. e4 e5 2. f4 exf4 3. Bc4 Be7 4. Qh5 g6 5. Qe5 Nf6 6. Qxf4 O-O 7. Nf3 d5 8.
exd5 Nxd5 9. Bxd5 Qxd5 10. O-O Qc5+ 11. d4 Qxc2 12. Nc3 Bd6 13. Qh4 h5 14. Bh6
Nd7 15. Bxf8 Nxf8 16. Rf2 Qd3 17. Rd1 Qe3 18. Nd5 Qe6 19. Nf6+ Kg7 20. Ng5 Qe3
21. Nd5 1-0

[Event "Gjøvik GM Swiss"]
[Site "Gjøvik, Norway"]
[Date "2008.12.31"]
[Round "3"]
[White "Toma, Katarzyna"]
[Black "Hagen, Anders G."]
[Result "1/2-1/2"]
[WhiteElo "2230"]
[BlackElo "2110"]
[PlyCount "48"]
[EventDate "2008.12.29"]
[SourceDate "2008.12.29"]

1. e4 c6 2. d4 d5 3. e5 c5 4. dxc5 Nc6 5. Bb5 e6 6. Be3 Nge7 7. c3 Bd7 8. Bxc6
Bxc6 9. Nf3 Nf5 10. Bd4 Nxd4 11. Qxd4 Qa5 12. b4 Qa6 13. Nbd2 b6 14. cxb6 axb6
15. Qe3 Be7 16. Nd4 Bb5 17. f4 O-O 18. Kf2 Rfc8 19. a3 Rc7 20. Rac1 Rac8 21.
Rhd1 Bd3 22. N2b3 Bc4 23. Nd2 Bd3 24. N2b3 Bc4 1/2-1/2

[Event "Gjøvik GM Swiss"]
[Site "Gjøvik, Norway"]
[Date "2008.12.31"]
[Round "3"]
[White "Arvola, Benjamin"]
[Black "Sofrigin, Alexej"]
[Result "1-0"]
[WhiteElo "2096"]
[BlackElo "2252"]
[PlyCount "63"]
[EventDate "2008.12.29"]
[SourceDate "2008.12.29"]

1. d4 Nf6 2. c4 c5 3. d5 b5 4. cxb5 a6 5. b6 e6 6. Nc3 exd5 7. Nxd5 Nxd5 8.
Qxd5 Nc6 9. e4 Bb7 10. Bc4 Qe7 11. f3 Na5 12. Qd3 Nxc4 13. Qxc4 f5 14. Ne2 fxe4
15. O-O exf3 16. Nc3 fxg2 17. Rd1 O-O-O 18. Nd5 Qe6 19. Bg5 Re8 20. Rac1 Qe4
21. Rd4 Qe2 22. Ne7+ Rxe7 23. Qxc5+ Bc6 24. b7+ Kxb7 25. Rxd7+ Bxd7 26. Qc7+
Ka8 27. Qd8+ Kb7 28. Rc7+ Kb6 29. Rxd7+ Kb5 30. Qb8+ Kc5 31. Qc7+ Kb5 32. Rd5+
1-0

[Event "Gjøvik GM Swiss"]
[Site "Gjøvik, Norway"]
[Date "2008.12.31"]
[Round "3"]
[White "Hansen, Pål Andreas"]
[Black "Kovachev, Daniel Jakobsen"]
[Result "0-1"]
[WhiteElo "2074"]
[BlackElo "2227"]
[PlyCount "78"]
[EventDate "2008.12.29"]
[SourceDate "2008.12.29"]

1. e4 e5 2. Nf3 Nc6 3. d4 exd4 4. Bc4 Nf6 5. e5 Ng4 6. Bf4 d6 7. O-O Ncxe5 8.
Re1 Be7 9. Nxe5 dxe5 10. Bxe5 Nxe5 11. Rxe5 O-O 12. Nd2 Bf6 13. Re1 g6 14. Qf3
Rb8 15. a4 Bd7 16. Ne4 Bg7 17. Qf4 Bc6 18. Qg5 Qxg5 19. Nxg5 h6 20. Nxf7 Rxf7
21. Re7 Rbf8 22. Rxc7 Be5 23. Rxf7 Rxf7 24. Re1 Bf6 25. b3 Kg7 26. Bxf7 Kxf7
27. f3 Bd5 28. Kf1 Be6 29. Ke2 Ke7 30. g4 Kd6 31. Kd3 Kd5 32. Rd1 g5 33. Kd2
Bf7 34. Re1 Bg6 35. h3 Be5 36. Re2 Bf4+ 37. Kd1 Be3 38. c3 Bd3 39. Re1 a5 0-1

[Event "Gjøvik GM Swiss"]
[Site "Gjøvik, Norway"]
[Date "2008.12.31"]
[Round "3"]
[White "Mamedjarova, Turkan"]
[Black "Thingstad, Even"]
[Result "1-0"]
[WhiteElo "2269"]
[BlackElo "2065"]
[PlyCount "52"]
[EventDate "2008.12.29"]
[SourceDate "2008.12.29"]

1. e4 c6 2. d4 d5 3. exd5 cxd5 4. Bd3 Nc6 5. c3 Qc7 6. Nf3 Bg4 7. O-O e6 8. h3
Bh5 9. Nbd2 Bd6 10. b3 Nf6 11. Bb2 O-O 12. Qc2 Rac8 13. a3 Bf4 14. c4 dxc4 15.
bxc4 Rfd8 16. d5 Ne5 17. Bxe5 Bxe5 18. Rae1 Bd6 19. dxe6 fxe6 20. Ng5 Qa5 21.
Nxe6 Rd7 22. Ne4 Nxe4 23. Bxe4 h6 24. Bf5 Re8 25. c5 Bb8 26. Re3 Rde7 {(1-0 in
35 moves)} 1-0

[Event "Gjøvik GM Swiss"]
[Site "Gjøvik, Norway"]
[Date "2008.12.31"]
[Round "3"]
[White "Bjerke, Richard"]
[Black "Larsen, Tor Kristian"]
[Result "1/2-1/2"]
[WhiteElo "2179"]
[BlackElo "2109"]
[PlyCount "79"]
[EventDate "2008.12.29"]
[SourceDate "2008.12.29"]

1. Nf3 Nf6 2. c4 b6 3. d4 e6 4. g3 Ba6 5. b3 Bb4+ 6. Bd2 Be7 7. Bg2 Bb7 8. O-O
O-O 9. Bc3 Ne4 10. Qc2 Qc8 11. Bb2 d6 12. Nc3 Nxc3 13. Bxc3 c5 14. dxc5 bxc5
15. Rad1 Nd7 16. Rd2 Nf6 17. Ng5 e5 18. f4 Bxg2 19. fxe5 Ne4 20. Nxe4 Bxf1 21.
Kxf1 dxe5 22. Bxe5 Qf5+ 23. Bf4 Rad8 24. Ng5 Qxc2 25. Rxc2 Rd1+ 26. Kf2 Bxg5
27. Bxg5 Re8 28. Rd2 Rxd2 29. Bxd2 Rc8 30. Kf3 Kf8 31. Ke4 Ke7 32. Bc3 Ke6 33.
Bxg7 Rc6 34. Kd3 Ra6 35. Bf8 Rxa2 36. Bxc5 a6 37. b4 Ra3+ 38. Kc2 Ra2+ 39. Kd3
Ra3+ 40. Kc2 1/2-1/2

[Event "Gjøvik GM Swiss"]
[Site "Gjøvik, Norway"]
[Date "2008.12.31"]
[Round "3"]
[White "Kvisla, Johannes"]
[Black "Tjølsen, Katrine"]
[Result "1-0"]
[WhiteElo "2221"]
[BlackElo "2110"]
[PlyCount "137"]
[EventDate "2008.12.29"]
[SourceDate "2008.12.29"]

1. d4 d5 2. c4 c6 3. Nf3 Nf6 4. e3 Bf5 5. Nc3 e6 6. h3 h6 7. Be2 Nbd7 8. a3
dxc4 9. Bxc4 Bd6 10. O-O O-O 11. Re1 Ne4 12. Nxe4 Bxe4 13. Nd2 Bg6 14. Qb3 Nb6
15. Bf1 c5 16. Nc4 cxd4 17. Nxb6 Qxb6 18. Qxb6 axb6 19. exd4 Rac8 20. Bd2 Bc2
21. Be3 Bc7 22. Rac1 Ba4 23. Rc3 Bc6 24. Rec1 Rcd8 25. g3 Rd7 26. Bg2 Bxg2 27.
Kxg2 Bd8 28. Rb3 Re8 29. Rb5 Kf8 30. Kf3 Rd5 31. Rb3 Re7 32. Rc8 Ke8 33. Rb8 b5
34. Rc8 Rc7 35. Rxc7 Bxc7 36. a4 bxa4 37. Rxb7 Bd6 38. Ra7 Rb5 39. Rxa4 Rxb2
40. Ra7 Rb8 41. Ke4 Rd8 42. Bd2 Rd7 43. Ra8+ Rd8 44. Ra6 Ke7 45. g4 Rd7 46. Ba5
Bc7 47. Bb4+ Ke8 48. Bc5 Rd8 49. f4 Rb8 50. Ra7 Bd8 51. f5 exf5+ 52. gxf5 Rc8
53. Kd5 Rb8 54. Ra3 Rb7 55. Rg3 Rd7+ 56. Kc6 Rc7+ 57. Kb5 Bf6 58. Re3+ Kd7 59.
Kc4 Rb7 60. Kd5 Bd8 61. Rg3 Bf6 62. Ra3 Bd8 63. Ra8 Be7 64. Rg8 Bxc5 65. dxc5
Rb1 66. Rxg7 Rd1+ 67. Ke5 Ke8 68. c6 Re1+ 69. Kf6 1-0

[Event "Gjøvik GM Swiss"]
[Site "Gjøvik, Norway"]
[Date "2008.12.31"]
[Round "3"]
[White "Pettersen, Joar Gullestad"]
[Black "Nielsen, Jørgen G."]
[Result "1/2-1/2"]
[WhiteElo "2016"]
[BlackElo "2184"]
[PlyCount "50"]
[EventDate "2008.12.29"]
[SourceDate "2008.12.29"]

1. e4 e5 2. Nf3 Nc6 3. Bb5 Nf6 4. O-O Bc5 5. c3 O-O 6. d4 Bb6 7. Bg5 h6 8. Bh4
d6 9. Qd3 Qe7 10. Nbd2 Bg4 11. Rfe1 Nb8 12. Nc4 c6 13. Ba4 Bc7 14. Ne3 Bc8 15.
dxe5 dxe5 16. Nf5 Bxf5 17. exf5 Nbd7 18. Qe2 Rfe8 19. Nd2 e4 20. Nf1 Qc5 21.
Ne3 Bf4 22. Bc2 Bxe3 23. Qxe3 Qxf5 24. Bxf6 Nxf6 25. f3 Qg5 1/2-1/2

[Event "Gjøvik GM Swiss"]
[Site "Gjøvik, Norway"]
[Date "2008.12.31"]
[Round "3"]
[White "Stenersen, Gudmund"]
[Black "Haugstad, Espen"]
[Result "1-0"]
[WhiteElo "2189"]
[BlackElo "2091"]
[PlyCount "75"]
[EventDate "2008.12.29"]
[SourceDate "2008.12.29"]

1. e4 c5 2. Nf3 e6 3. d4 cxd4 4. Nxd4 a6 5. a3 Nf6 6. Nc3 Qc7 7. Be2 Nc6 8. Be3
b5 9. Nxc6 dxc6 10. f4 Bb7 11. e5 Nd5 12. Nxd5 cxd5 13. Bd4 b4 14. axb4 Bxb4+
15. c3 Bc5 16. b4 Bxd4 17. Qxd4 O-O 18. Ra5 Rfc8 19. Kd2 Qe7 20. h4 h6 21. Rh3
Rc6 22. Kc2 Rac8 23. Kb3 Qc7 24. h5 Qd8 25. g4 R8c7 26. Ra1 Rc4 27. Bxc4 dxc4+
28. Ka3 Rd7 29. Qxc4 Rd2 30. Qc5 Rd5 31. Qa7 Qc8 32. Rb1 Kh7 33. g5 hxg5 34.
fxg5 Kg8 35. g6 fxg6 36. hxg6 a5 37. Rbh1 axb4+ 38. Kb3 1-0

[Event "Gjøvik GM Swiss"]
[Site "Gjøvik, Norway"]
[Date "2008.12.31"]
[Round "3"]
[White "Blikra Vea, Odin"]
[Black "Zozulia, Anna"]
[Result "0-1"]
[WhiteElo "2169"]
[BlackElo "2380"]
[PlyCount "98"]
[EventDate "2008.12.29"]
[SourceDate "2008.12.29"]

1. e4 c5 2. a3 g6 3. d4 cxd4 4. c3 d3 5. Bxd3 Bg7 6. f4 Nc6 7. Nf3 d6 8. O-O
Nf6 9. Qe1 Bg4 10. Nbd2 Nd7 11. Qh4 Bxf3 12. Nxf3 Nc5 13. Bc2 Nb3 14. Bxb3 Qb6+
15. Be3 Qxb3 16. Rab1 Rc8 17. f5 Qc4 18. Bh6 Bxh6 19. Qxh6 Kd7 20. Ng5 Ne5 21.
Rbd1 f6 22. Nf3 Qxe4 23. Nxe5+ Qxe5 24. Rfe1 Qxf5 25. Rxe7+ Kxe7 26. Qg7+ Ke6
27. Re1+ Kd5 28. Qxb7+ Kc5 29. Qxa7+ Kc6 30. Qa6+ Kd7 31. Qa7+ Rc7 32. Qa4+ Rc6
33. Qa7+ Rc7 34. Qa4+ Kd8 35. Qa8+ Rc8 36. Qb7 Qc5+ 37. Kh1 Re8 38. Rxe8+ Kxe8
39. Qxh7 Qf5 40. h3 Rc5 41. Qg8+ Ke7 42. Qg7+ Ke6 43. Qg8+ Ke5 44. Qe8+ Kd5 45.
Qa8+ Ke5 46. Qe8+ Kf4 47. Qe2 Qe4 48. Qg4+ Ke5 49. Qd7 Rd5 0-1

[Event "Gjøvik GM Swiss"]
[Site "Gjøvik, Norway"]
[Date "2008.12.31"]
[Round "3"]
[White "Savchenko, Yuri"]
[Black "Carlsen, Ellen Øen"]
[Result "1-0"]
[WhiteElo "2081"]
[BlackElo "1888"]
[PlyCount "87"]
[EventDate "2008.12.29"]
[SourceDate "2008.12.29"]

1. Nf3 Nf6 2. g3 g6 3. Bg2 Bg7 4. d4 O-O 5. c4 c6 6. Nc3 d5 7. cxd5 Nxd5 8.
Nxd5 cxd5 9. Bf4 Qa5+ 10. Qd2 Qxd2+ 11. Kxd2 Nc6 12. e3 f6 13. Bc7 Be6 14. h4
Bf7 15. Bh3 h6 16. Rac1 e5 17. Rc5 e4 18. Ng1 f5 19. Ne2 Rac8 20. Bf4 Nb4 21.
Bd6 Rcd8 22. Bxf8 Bxf8 23. Rc7 Nd3 24. Rxb7 Nxf2 25. Rh2 Nd3 26. Nc3 a5 27. a3
Bd6 28. Rg2 Be6 29. Rb5 Bc7 30. Rg1 Nf2 31. Bf1 g5 32. Rc5 Bd6 33. Rxa5 Kf7 34.
b4 f4 35. gxf4 gxf4 36. Ra7+ Kf6 37. Rag7 Bf7 38. R7g2 Nh3 39. Rh1 fxe3+ 40.
Kxe3 Rc8 41. Nxe4+ dxe4 42. Rxh3 Rc3+ 43. Kxe4 Rc1 44. Rf3+ 1-0